Регионална библиотека "Любен Каравелов" - Русе

Тема (Запис номер 316826)

MARC детайли
000 -Лидер
Контролно поле с фиксирана дължина 00703nja a2200217 a 4500
003 - Код на организацията, давaща контролен номер
Контролно поле BLK
005 - Дата и час на последна редакция
Контролно поле 20241005005455.0
008 - Елементи от данни с фиксирана дължина
fixed length control field 180414c bul|r|ner|||| 00| c0bul d
010 ## - Наследен системен номер
LC control number NOT00003235028
040 ## - Източник на каталожния запис
Идентификатор на билиотеката - собственик на записа BLK
100 ## - Редна дума - Автор
Автор Моцарт, Волфганг Амадеус
Дати, свързани с автора 1756 - 1791
R(LIN) 368558
245 10 - Сведения за заглавието
Заглавие Тема
Подзаглавни данни Из тема с вариации
Редно поле (дума) Волфганг Амадеус Моцарт.
250 ## - Област на изданието
Сведения за изданието 5 изд.
257 ## - Страна на издаване
Страна на създаване/издаване България
380 ## - Жанр
Жанр Изкуство
773 ## - Описание на основна библиографска единица при аналитични записи (многотомни)
Host Biblionumber 316798
Host Itemnumber 669689
Редна дума на основното описание Моцарт, Волфганг Амадеус
Заглавие Малкият пианист
852 ## - Местоположение
Форматна сигнатура Цб М ІІ 5715
942 ## - АРТИКУЛИ
Вид на библиотечния материал Нотни издания
Скрит в OPAC Не
944 ## - СЪЗДАВАНЕ И РЕДАКЦИЯ на ЗАПИСА
Създаване/Редакция Създаване
Дата на регистрацията/редакция 21.08.2010
Служител, извършил регистрацията/редакцията
Статус, дата на статуса CRON CRON
944 ## - СЪЗДАВАНЕ И РЕДАКЦИЯ на ЗАПИСА
Създаване/Редакция Редакция
Дата на регистрацията/редакция 21.08.2010
Служител, извършил регистрацията/редакцията
999 ## - СИСТЕМНИ КОНТРОЛНИ НОМЕРА
Koha biblionumber 316826
Koha biblioitemnumber 316826
Наличности
Код за отписване Код за изгубен артикул Код за повреда Коз за рестрикции Код за отдаване Артикулен № Име на библиотеката - собственик Име на библиотеката, в която се намира в момента Статус (Текущо местоположение) Дата на вписване в системата Местоположение - отдел Цена в лева Инвентарен номер Систематично азбучна сигнатура Баркод Номер на екземпляра Цена в евро Служебна бележка Служебен тип на артикула Бележка за публиката
  Не е изгубен Не е повреден само за читалня ползва се в читалня 669717 Регионална библиотека "Любен Каравелов" Русе Регионална библиотека "Любен Каравелов" Русе Аналитични записи 2018-04-14 Аналитични записи 0.00 902800003235 Цб М ІІ 5715 902800003235 28 0.00 аналитичен запис Статия Това е описние на част от артикул: Малкият пианист
Vip Innovations Ltd, Rousse, Bulgaria 2025